000 00390nam a2200157Ia 4500
008 160316s2004 xxu||||| |||| 00| 0 eng d
082 _a378.540000
_bPAN
100 _aPanikkar K.N.
245 _aEducation in India perilous prospects
250 _a
260 _aMumbai
_bVikas Adhyayan Kendra
_c2004
300 _a21
_b
_c
365 _b
650 _a1. Higher education
700 _a
_a
999 _c36539
_d36539